|
|
|
|
| LEADER |
01638nam a22004812i 4500 |
| 001 |
001509405 |
| 003 |
CZ BrMZK |
| 005 |
20160208064413.0 |
| 007 |
ta |
| 008 |
160205s1978 gw fr|||||||||||ger d |
| 020 |
|
|
|a 3-7831-0416-5
|q (váz.)
|
| 040 |
|
|
|a BOA001
|b cze
|e rda
|
| 072 |
|
7 |
|a 27-4
|x Praktická teologie. Morální teologie
|2 Konspekt
|9 5
|
| 080 |
|
|
|a 2-185.2
|2 MRF
|
| 080 |
|
|
|a 176.4
|2 MRF
|
| 080 |
|
|
|a 17.038
|2 MRF
|
| 080 |
|
|
|a 27
|2 MRF
|
| 080 |
|
|
|a 27-42
|2 MRF
|
| 080 |
|
|
|a 27-4
|2 MRF
|
| 080 |
|
|
|a 274/278-1/-9
|2 MRF
|
| 080 |
|
|
|a (048.8)
|2 MRF
|
| 100 |
1 |
|
|a Sölle, Dorothee,
|d 1929-2003
|7 skuk0005334
|4 aut
|
| 245 |
1 |
0 |
|a Leiden /
|c Dorothee Sölle
|
| 250 |
|
|
|a 4. Auflage (20.-23.Tausend)
|
| 264 |
|
1 |
|a Stuttgart ;
|a Berlin :
|b Kreuz,
|c 1978
|
| 300 |
|
|
|a 223 stran ;
|c 19 cm
|
| 336 |
|
|
|a text
|b txt
|2 rdacontent
|
| 337 |
|
|
|a bez média
|b n
|2 rdamedia
|
| 338 |
|
|
|a svazek
|b nc
|2 rdacarrier
|
| 490 |
1 |
|
|a Themen der Theologie ;
|v Ergänzungsband
|
| 504 |
|
|
|a Obsahuje bibliografické odkazy
|
| 650 |
0 |
7 |
|a utrpení
|7 ph126962
|x křesťanské pojetí
|2 czenas
|
| 650 |
0 |
7 |
|a masochismus
|7 ph135777
|x křesťanské pojetí
|2 czenas
|
| 650 |
0 |
7 |
|a apatie
|7 ph370246
|x křesťanské pojetí
|2 czenas
|
| 650 |
0 |
7 |
|a křesťanská etika
|7 ph138484
|2 czenas
|
| 650 |
0 |
7 |
|a křesťanský život
|7 ph122132
|2 czenas
|
| 650 |
0 |
7 |
|a protestantské učení
|7 ph307587
|2 czenas
|
| 655 |
|
7 |
|a monografie
|7 fd132842
|2 czenas
|
| 830 |
|
0 |
|a Themen der Theologie
|
| 910 |
|
|
|a BOA001
|b M1-1359.992
|
| 990 |
|
|
|a BK
|
| 991 |
|
|
|b 201602
|c NOV
|
| 996 |
7 |
|
|b 2610655214
|c M1-1359.992
|l MZK
|r Sklad / do 24 hodin
|n 0
|p dar
|w 001544650
|u 000010
|a 1
|e BOA001
|j MZK50
|s A
|